00877nam a22002657a 45000010005000000030006000050050017000110080041000280200018000690400029000870500013001160820010001291000036001392450099001752500028002742600035003023000045003375050007003825200109003895210019004985210018005176500025005356500021005607000030005814898FISKH20250828152021.0241023b cb ||||| |||| 00| 0 eng d a9780590438896 aFISKHbengcFISKHdFISKH aPZ8.M418 a421.1 aMartin, Jr. Billd(1916–2004) aChicka chicka boom boom /cby Bill Martin, Jr. and John Archambault Illustrated by Lois Ehlert aFirst printing in 1991. aNew York :bScholastic,c1989. a32 pages :bcolor illustrations ;c28 cm aN  aAn alphabet rhyme/chant that relates what happens when the whole alphabet tries to climb a coconut tree.8 a530 bLexile 8 aN bRaz-Plus  2AlphabetaRepetition 2RhymingaLetters aEhlert, LoisdIllustrator